| 000 | 02595cam a2200589 i 4500 | ||
|---|---|---|---|
| 001 | xx004925732 | ||
| 003 | NUKAT | ||
| 005 | 20260428094834.0 | ||
| 008 | 200814s2020 pl g |001 0 pol c | ||
| 020 |
_a9788380989283 _q(oprawa twarda) : _czł 60,00 |
||
| 035 | _a(OCoLC)1241618984 | ||
| 035 | _a(NUKAT)xx004925732 | ||
| 040 |
_aKAT U/MB _bpol _erda _cKAT U/MBs _dKAT U/DB _dWA 241/KR _dPOZN U/EMs _dWR O/IS _dWA 14/MBs _dOLSZT 008/bak |
||
| 045 | 2 |
_bd1980 _bd1981 |
|
| 046 |
_k2020 _o1980 _p1981 |
||
| 245 | 0 | 0 |
_a"Karnawał" po amerykańsku : _bplacówki dyplomatyczne USA w PRL wobec polskich wydarzeń od sierpnia 1980 do grudnia 1981 r. / _cwprowadzenie, wybór i opracowanie Patryk Pleskot ; Instytut Pamięci Narodowej Komisja Ścigania Zbrodni przeciwko Narodowi Polskiemu. |
| 260 |
_aWarszawa : _bInstytut Pamięci Narodowej Komisja Ścigania Zbrodni przeciwko Narodowi Polskiemu, _c2020. |
||
| 300 |
_a735 stron ; _c24 cm. |
||
| 336 |
_aTekst _btxt _2rdacontent |
||
| 337 |
_aBez urządzenia pośredniczącego _bn _2rdamedia |
||
| 338 |
_aWolumin _bnc _2rdacarrier |
||
| 380 | _aKsiążki | ||
| 380 | _aPublikacje naukowe | ||
| 388 | 1 | _a1901-2000 | |
| 388 | 1 | _a1945-1989 | |
| 388 | 1 | _a2001- | |
| 490 | 1 |
_aWarszawa Nie?Pokonana ; _vT. 22 |
|
| 504 | _aBibliografia na stronach 715-723. Indeks. | ||
| 610 | 2 | 7 |
_aCIA _2DBN _940747 |
| 610 | 2 | 7 |
_aNSZZ "Solidarność" _2DBN _936385 |
| 648 | 7 |
_a1901-2000 _2DBN _934996 |
|
| 648 | 7 |
_a1945-1989 _2DBN _936043 |
|
| 650 | 7 |
_aDyplomacja amerykańska _2DBN _940748 |
|
| 650 | 7 |
_aSłużby specjalne _2DBN _939644 |
|
| 650 | 7 |
_aWydarzenia w Polsce (1980-1981) _2DBN _939431 |
|
| 650 | 7 |
_aWywiad amerykański _2DBN _940749 |
|
| 650 | 7 |
_aDyplomacja _y1970-2000 _vźródła. _2kaba _940750 |
|
| 651 | 7 |
_aPolska _2DBN _935076 |
|
| 651 | 7 |
_aPolska _xstosunki zagraniczne _zStany Zjednoczone _y1970-2000 _vźródła. _2kaba _940751 |
|
| 651 | 7 |
_aStany Zjednoczone _xstosunki zagraniczne _zPolska _y1970-2000 _vźródła. _2kaba _940752 |
|
| 651 | 7 |
_aPolska _y1980-1981 (Powstanie Solidarności) _vźródła. _2kaba _940753 |
|
| 655 | 7 |
_aDokumenty _2DBN _937215 |
|
| 655 | 7 |
_aWydawnictwo źródłowe _2DBN _935066 |
|
| 658 | _aHistoria | ||
| 700 | 1 |
_aPleskot, Patryk _d(1980- ). _eWstęp _eRedakcja _914500 |
|
| 710 | 2 |
_aInstytut Pamięci Narodowej - Komisja Ścigania Zbrodni przeciwko Narodowi Polskiemu. _eInstytucja sprawcza _eWydawca _4pbl _911792 |
|
| 830 | 0 |
_aWarszawa Nie?Pokonana _vT. 22 _914501 |
|
| 920 | _a978-83-8098-928-3 (oprawa twarda) : zł 60,00 | ||
| 942 |
_2ddc _cBK_NM |
||
| 999 |
_c27830 _d27830 |
||